| 000 | 00368nam a2200157Ia 4500 | ||
|---|---|---|---|
| 003 | Ost | ||
| 005 | 20260225132542.0 | ||
| 008 | 260225s9999||||xx |||||||||||||| ||und|| | ||
| 040 | _cfsic | ||
| 041 | _afre | ||
| 082 | _a440 | ||
| 100 |
_aAbed el krim elaidi _eAuteur |
||
| 245 | 0 | _aLexique economique et social / | |
| 245 | 0 | _cAbed el krim elaidi | |
| 942 | _cكتاب | ||
| 999 |
_c33580 _d33580 |
||